[Event "Champ Bialystok'2012 U-20"]
[Site "Bialystok"]
[Date "2012.??.??"]
[Round "9.4"]
[White "Trofimiuk, Tomasz"]
[Black "Kozaczynska, Aleksandra"]
[Result "1-0"]
[WhiteElo "1575"]
[BlackElo "1541"]
[PlyCount "69"]
[EventDate "2012.??.??"]

1. e4 c5 2. Nf3 d6 3. d4 cxd4 4. Nxd4 Nf6 5. Nc3 g6 6. g3 Bg7 7. Bg2 O-O 8. O-O
a6 9. a4 Nbd7 10. Re1 Re8 11. Ra2 Nb6 12. h3 Bd7 13. b3 Qc8 14. Nd5 Nbxd5 15.
exd5 Bxh3 16. Bh1 Bd7 17. c4 Qc5 18. Rae2 Nxd5 19. Bxd5 Bxd4 20. Bxb7 Ra7 21.
Bd5 Bg4 22. b4 Bxe2 23. Rxe2 Qb6 24. a5 Qxb4 25. Qxd4 Qc5 26. Qf4 e5 27. Qf6
Re6 28. Bxe6 fxe6 29. Qxe6+ Rf7 30. Bh6 Qc6 31. Rb2 Qa8 32. Rb7 Kh8 33. Qxf7
Qg8 34. Bg7+ Qxg7 35. Qxg7# 1-0